Internal Rating Systems and the Bank-Firm Relationship Valuing Company Networks /

This book provides the conceptual and operational tools for understanding the mechanisms for assigning a rating to a network of companies. In it, the author explores the rating systems of corporate networks and analyses the link between rating and an enterprise network.

Λεπτομέρειες βιβλιογραφικής εγγραφής
Κύριος συγγραφέας: Quattrociocchi, Bernardino (Συγγραφέας)
Συγγραφή απο Οργανισμό/Αρχή: SpringerLink (Online service)
Μορφή: Ηλεκτρονική πηγή Ηλ. βιβλίο
Γλώσσα:English
Έκδοση: London : Palgrave Macmillan UK : Imprint: Palgrave Macmillan, 2016.
Σειρά:Palgrave Macmillan Studies in Banking and Financial Institutions
Θέματα:
Διαθέσιμο Online:Full Text via HEAL-Link
LEADER 02173nam a22005415i 4500
001 978-1-137-49725-3
003 DE-He213
005 20160927111622.0
007 cr nn 008mamaa
008 160218s2016 xxk| s |||| 0|eng d
020 |a 9781137497253  |9 978-1-137-49725-3 
024 7 |a 10.1057/9781137497253  |2 doi 
040 |d GrThAP 
050 4 |a HG4001-HG4285 
072 7 |a KFFH  |2 bicssc 
072 7 |a BUS017000  |2 bisacsh 
082 0 4 |a 658.15  |2 23 
100 1 |a Quattrociocchi, Bernardino.  |e author. 
245 1 0 |a Internal Rating Systems and the Bank-Firm Relationship  |h [electronic resource] :  |b Valuing Company Networks /  |c by Bernardino Quattrociocchi. 
264 1 |a London :  |b Palgrave Macmillan UK :  |b Imprint: Palgrave Macmillan,  |c 2016. 
300 |a VII, 119 p.  |b online resource. 
336 |a text  |b txt  |2 rdacontent 
337 |a computer  |b c  |2 rdamedia 
338 |a online resource  |b cr  |2 rdacarrier 
347 |a text file  |b PDF  |2 rda 
490 1 |a Palgrave Macmillan Studies in Banking and Financial Institutions 
520 |a This book provides the conceptual and operational tools for understanding the mechanisms for assigning a rating to a network of companies. In it, the author explores the rating systems of corporate networks and analyses the link between rating and an enterprise network. 
650 0 |a Finance. 
650 0 |a Business enterprises  |x Finance. 
650 0 |a Corporations  |x Finance. 
650 0 |a Banks and banking. 
650 0 |a Education. 
650 0 |a Economics. 
650 0 |a Management science. 
650 1 4 |a Finance. 
650 2 4 |a Corporate Finance. 
650 2 4 |a Banking. 
650 2 4 |a Business Finance. 
650 2 4 |a Science, Humanities and Social Sciences, multidisciplinary. 
650 2 4 |a Economics, general. 
650 2 4 |a Popular Science in Education. 
710 2 |a SpringerLink (Online service) 
773 0 |t Springer eBooks 
776 0 8 |i Printed edition:  |z 9781349563661 
830 0 |a Palgrave Macmillan Studies in Banking and Financial Institutions 
856 4 0 |u http://dx.doi.org/10.1057/9781137497253  |z Full Text via HEAL-Link 
912 |a ZDB-2-ECF 
950 |a Economics and Finance (Springer-41170)